[Event "BCF-ch U180"]
[Site "Aberystwyth"]
[Date "2014.07.25"]
[Round "5"]
[White "Bush, Martin L"]
[Black "Thorpe, Thomas"]
[Result "0-1"]
[WhiteElo "159"]
[BlackElo "172"]
[PlyCount "62"]
[EventDate "2014.07.21"]
[EventType "swiss"]
[EventRounds "5"]
[EventCountry "WLS"]
[SourceTitle "EXT 2017"]
[Source "ChessBase"]
[SourceDate "2016.10.25"]
[SourceVersion "1"]
[SourceVersionDate "2016.10.25"]
[SourceQuality "1"]

1. e4 c5 2. Nf3 Nc6 3. d4 cxd4 4. Nxd4 g6 5. c4 Bg7 6. Be3 Nf6 7. Nc3 d6 8. Be2 0-0 9. 0-0 Nxd4 10. Bxd4 Bd7 11. Rc1 Bc6 12. Qd3 a5 13. Nd5 Nd7 14. Bxg7 Kxg7 15. Qd4+ f6 16. f4 Nc5 17. e5 Bxd5 18. cxd5 Qb6 19. Bg4 Qb4 20. Rc4 Qb5 21. Rb1 Qa6 22. a3 b5 23. Rc3 b4 24. exf6+ exf6 25. axb4 axb4 26. Re3 Qa7 27. Rbe1 Rf7 28. Qxb4 Nd3 29. Qd2 Nxe1 30. Qxe1 f5 31. Bf3 Re8 0-1